000 00773nam a2200181Ia 4500
008 151018s9999 xx 000 0 und d
082 _bRBASDV35916
_a580
100 _aमहावीरप्रसाद द्विवेदी
245 _aविचित्र जिव जंतू और वनस्पतीया
250 _b1
260 _bसंभावना
_c2003
300 _a197
600 _aमहावीरप्रसाद द्विवेदी
630 _aविचित्र जिव जंतू और वनस्पतीया
700 _aमहावीरप्रसाद द्विवेदी
730 _aविचित्र जिव जंतू और वनस्पतीया
942 _cBOOK
999 _c1035387
_d1035384